000 01012nam a22002537a 4500
001 45391
003 BD-RjUL
005 20211209054015.0
008 160725s1978 ii ||||| |||| 00| 0 ben d
020 _c: IRs 25.00
035 _a(BD-RjUL)45509
040 _aBD-RjUL
_bben
_cBD-RjUL
041 _aben
082 _223
_a294.5
_bTIS 1978
100 _aতিলক, বাল-গঙ্গাধর
_9138970
245 1 0 _aশ্রীমদ্ভগবদ গীতারহস্য অথবা কর্মযোগশাস্ত্র /
_c বাল-গঙ্গাধর তিলক
250 _a২য় সং
260 _aকলিকাতা :
_bহরফ প্রকাশনী,
_c১৯৭৮
300 _a৭৭০ পৃ. ;
_c১৯ সেমি.
650 _aহিন্দুত্ত্ববাদ
_9138971
650 _aHinduism
_9138972
700 _aঠাকুর, জ্যোতিরিন্দ্রনাথ, অনুবাদ
_9138973
942 _2ddc
_cBK
999 _c45391
_d45391